[Event "23rd EUR-ch"]
[Site "Vrnjacka Banja SRB"]
[Date "2023.03.13"]
[Round "11.135"]
[White "Fataliyeva, Ulviyya"]
[Black "Selbes, Tarik"]
[Result "1-0"]
[WhiteElo "2427"]
[BlackElo "2255"]
[EventDate "2023.03.03"]
[PlyCount "59"]

1.d4 Nf6 2.Nc3 d5 3.Bf4 a6 4.Nf3 e6 5.e3 c5 6.Be2 Nc6 7.O-O Be7 8.Ne5 O-O 
9.Nxc6 bxc6 10.Na4 Nd7 11.Rc1 cxd4 12.exd4 a5 13.c4 Nb6 14.Nxb6 Qxb6 15.
cxd5 cxd5 16.Qd2 Ba6 17.Bxa6 Rxa6 18.Bc7 Qb5 19.Be5 a4 20.Rc3 f6 21.Rc7 
Re8 22.Bg3 Rb6 23.Qc2 Bf8 24.h4 Ra8 25.Rb1 Raa6 26.Re1 Ra8 27.Qd1 Qe8 28.
Qe2 Raa6 29.Rc5 Qg6 30.Kh2 1-0

[Event "23rd EUR-ch"]
[Site "Vrnjacka Banja SRB"]
[Date "2023.03.13"]
[Round "11.136"]
[White "Khandelwal, Ankush"]
[Black "Kochavi, Ori"]
[Result "0-1"]
[WhiteElo "2255"]
[BlackElo "2417"]
[EventDate "2023.03.03"]
[PlyCount "68"]

1.e4 c6 2.d4 d5 3.e5 Bf5 4.h4 h5 5.Bd3 Bxd3 6.Qxd3 Qa5+ 7.Nd2 e6 8.Nf3 Qa6
9.c4 Nh6 10.O-O Nf5 11.b3 Be7 12.a4 O-O 13.Ba3 Bxa3 14.Rxa3 Qa5 15.Rb1 Qb4
16.Raa1 Qe7 17.Ng5 g6 18.Nf1 Nxh4 19.f4 Nf5 20.Nh2 Kg7 21.g4 hxg4 22.Nxg4 
Nd7 23.cxd5 cxd5 24.Rc1 Rac8 25.Kg2 Qb4 26.Rxc8 Rxc8 27.Rh1 Rc3 28.Rh7+ 
Kg8 29.Qd1 Rg3+ 30.Kf2 Qc3 31.Rxf7 Qb2+ 32.Kf1 Rxg4 33.Rxd7 Ne3+ 34.Ke1 
Rg1# 0-1

[Event "23rd EUR-ch"]
[Site "Vrnjacka Banja SRB"]
[Date "2023.03.13"]
[Round "11.137"]
[White "Petrovic, Aleksa"]
[Black "Milikow, Yoav"]
[Result "1-0"]
[WhiteElo "2254"]
[BlackElo "2416"]
[EventDate "2023.03.03"]
[PlyCount "53"]

1.d4 Nf6 2.c4 e6 3.Nf3 d5 4.Nc3 a6 5.cxd5 exd5 6.Bg5 Be6 7.e3 Nbd7 8.Bd3 
h6 9.Bh4 g5 10.Bg3 Nh5 11.Qc2 Nxg3 12.hxg3 Bg7 13.O-O-O c6 14.Kb1 Nb6 15.
a3 Qc7 16.Nd2 O-O 17.Bh7+ Kh8 18.Bf5 Bxf5 19.Qxf5 Kg8 20.f4 Qd7 21.Qd3 f6 
22.Ka1 Rad8 23.Nf3 Rf7 24.fxg5 fxg5 25.Ne5 Bxe5 26.dxe5 Kg7 27.e6 1-0

[Event "23rd EUR-ch"]
[Site "Vrnjacka Banja SRB"]
[Date "2023.03.13"]
[Round "11.138"]
[White "Kalezic, Blazo"]
[Black "Zadravec, Matija"]
[Result "1/2-1/2"]
[WhiteElo "2415"]
[BlackElo "2248"]
[EventDate "2023.03.03"]
[PlyCount "60"]

1.e4 e5 2.Nf3 Nc6 3.Bb5 Nge7 4.O-O g6 5.c3 a6 6.Ba4 Bg7 7.d4 exd4 8.cxd4 
b5 9.Bb3 O-O 10.d5 Na5 11.Bd2 Nxb3 12.Qxb3 c5 13.Bc3 d6 14.Bxg7 Kxg7 15.
Nbd2 f6 16.Qc3 a5 17.b3 Kg8 18.a4 b4 19.Qc2 g5 20.Nc4 Ba6 21.Nfd2 Ng6 22.
g3 Ne5 23.f4 Bxc4 24.Nxc4 Nxc4 25.Qxc4 Qe7 26.Rae1 Rae8 27.Kh1 Kh8 28.Re3 
gxf4 29.gxf4 Rg8 30.Qe2 Qf7 1/2-1/2

[Event "23rd EUR-ch"]
[Site "Vrnjacka Banja SRB"]
[Date "2023.03.13"]
[Round "11.139"]
[White "Kanov, Nikola"]
[Black "Krzywda, Andrzej"]
[Result "1-0"]
[WhiteElo "2392"]
[BlackElo "2235"]
[EventDate "2023.03.03"]
[PlyCount "65"]

1.e4 c5 2.Nf3 d6 3.d4 cxd4 4.Nxd4 Nf6 5.Nc3 a6 6.Be3 e6 7.a3 Be7 8.g4 Nfd7
9.Qe2 Qc7 10.g5 b5 11.Bg2 Bb7 12.f4 Nb6 13.O-O Nc4 14.Kh1 Nxe3 15.Qxe3 Nc6
16.Nxc6 Bxc6 17.f5 O-O 18.f6 Bd8 19.Rad1 Qb7 20.Qh3 a5 21.Rxd6 Bc7 22.Rxc6
Qxc6 23.e5 Qc4 24.Be4 g6 25.b3 Qxf1+ 26.Qxf1 Rad8 27.Qxb5 Rd2 28.Bd3 Rb8 
29.Qc5 Bb6 30.Qd6 Rb7 31.b4 axb4 32.axb4 h5 33.gxh6 1-0

[Event "23rd EUR-ch"]
[Site "Vrnjacka Banja SRB"]
[Date "2023.03.13"]
[Round "11.140"]
[White "Nadj Hedjesi, Balind"]
[Black "Patrelakis, Evaggelos"]
[Result "1/2-1/2"]
[WhiteElo "2223"]
[BlackElo "2387"]
[EventDate "2023.03.03"]
[PlyCount "95"]

1.Nf3 Nf6 2.g3 g6 3.Bg2 Bg7 4.d4 O-O 5.O-O d6 6.a4 c6 7.a5 Qc7 8.c4 e5 9.
Nc3 Na6 10.h3 Re8 11.Bg5 h6 12.Be3 exd4 13.Bxd4 Bf5 14.Nd2 Nb4 15.Kh2 Bc2 
16.Qc1 c5 17.Bxf6 Bxf6 18.Nd5 Nxd5 19.Bxd5 Bf5 20.a6 Rxe2 21.axb7 Rb8 22.
Qd1 Re7 23.Rxa7 Qb6 24.Ra8 Rxb7 25.Bxb7 Qxb7 26.Rxb8+ Qxb8 27.Qb3 Qxb3 28.
Nxb3 Bxb2 29.Rd1 Bc2 30.Rd2 Bxb3 31.Rxb2 Bxc4 32.Rb6 Be6 33.Rxd6 Kg7 34.g4
g5 35.Kg3 c4 36.f4 gxf4+ 37.Kxf4 h5 38.Kg5 hxg4 39.hxg4 Bc8 40.Rc6 Be6 41.
Rc5 Kh7 42.Rb5 Kg7 43.Rb1 Bd5 44.Re1 Be6 45.Rc1 Bd5 46.Rd1 Be4 47.Rd4 Bd3 
48.Rd6 1/2-1/2

[Event "23rd EUR-ch"]
[Site "Vrnjacka Banja SRB"]
[Date "2023.03.13"]
[Round "11.141"]
[White "Garrido Outon, Alex"]
[Black "Djokic, Mihailo"]
[Result "1-0"]
[WhiteElo "2380"]
[BlackElo "2227"]
[EventDate "2023.03.03"]
[PlyCount "40"]

1.e4 e5 2.Nf3 Nc6 3.Bb5 a6 4.Ba4 Nf6 5.O-O Be7 6.Re1 b5 7.Bb3 d6 8.c3 O-O 
9.h3 Na5 10.Bc2 c5 11.d4 cxd4 12.cxd4 Bb7 13.d5 Bc8 14.Nbd2 Bd7 15.Nf1 Rc8
16.b3 Nh5 17.Bd3 g6 18.Bh6 Re8 19.Qd2 f5 20.exf5 gxf5 1-0

[Event "23rd EUR-ch"]
[Site "Vrnjacka Banja SRB"]
[Date "2023.03.13"]
[Round "11.142"]
[White "Suarez Uriel, Adrian"]
[Black "Ahmad, Khagan"]
[Result "0-1"]
[WhiteElo "2370"]
[BlackElo "2220"]
[EventDate "2023.03.03"]
[PlyCount "43"]

1.e4 c5 2.Ne2 Nc6 3.d4 cxd4 4.Nxd4 Nf6 5.Nc3 e5 6.Ndb5 d6 7.Bg5 a6 8.Na3 
b5 9.Nd5 Be7 10.Bxf6 Bxf6 11.c4 Nd4 12.Bd3 Be6 13.O-O O-O 14.Qe1 Rb8 15.b3
Bg5 16.Rd1 Bxd5 17.exd5 f5 18.Kh1 Bf4 19.g3 Nf3 20.Qe2 e4 21.cxb5 Qg5 22.
Bxe4 0-1

[Event "23rd EUR-ch"]
[Site "Vrnjacka Banja SRB"]
[Date "2023.03.13"]
[Round "11.143"]
[White "Novkovic, Milan"]
[Black "Gajcin, Marina"]
[Result "1/2-1/2"]
[WhiteElo "2356"]
[BlackElo "2215"]
[EventDate "2023.03.03"]
[PlyCount "53"]

1.d4 Nf6 2.Nf3 c5 3.d5 e6 4.Nc3 d6 5.e4 e5 6.Bb5+ Nbd7 7.a4 a6 8.Be2 b6 9.
O-O Be7 10.Nd2 O-O 11.Nc4 Ne8 12.g3 g6 13.Bh6 Ng7 14.f4 Rb8 15.f5 Nf6 16.
g4 Nfe8 17.Qd2 Bd7 18.a5 bxa5 19.Rxa5 Bb5 20.Nxb5 axb5 21.Na3 Nf6 22.Bf3 
b4 23.Nc4 Nd7 24.Ra7 Ra8 25.Rfa1 Rxa7 26.Rxa7 f6 27.Na5 1/2-1/2

[Event "23rd EUR-ch"]
[Site "Vrnjacka Banja SRB"]
[Date "2023.03.13"]
[Round "11.144"]
[White "Nyysti, Sampsa"]
[Black "Sgircea, Silvia-Raluca"]
[Result "1/2-1/2"]
[WhiteElo "2345"]
[BlackElo "2214"]
[EventDate "2023.03.03"]
[PlyCount "69"]

1.e4 c5 2.Nf3 Nc6 3.Bc4 g6 4.O-O Bg7 5.c3 d6 6.d4 cxd4 7.cxd4 Nf6 8.d5 Ne5
9.Nxe5 dxe5 10.Nc3 O-O 11.a4 Ne8 12.Kh1 Nd6 13.Bb3 Bd7 14.a5 Kh8 15.Be3 f5
16.exf5 gxf5 17.f4 Qe8 18.fxe5 Bxe5 19.Bd4 Bf6 20.Ba4 Bxa4 21.Bxf6+ Rxf6 
22.Rxa4 Qf7 23.Raf4 Rg8 24.R1f2 a6 25.Qe1 Qg7 26.Qe5 Rg6 27.Qxg7+ Kxg7 28.
Re2 Kf7 29.Kg1 Rg4 30.Rf3 Rc4 31.Rfe3 Re8 32.Rh3 Rh8 33.Rhe3 Re8 34.Rh3 
Rh8 35.Rhe3 1/2-1/2

[Event "23rd EUR-ch"]
[Site "Vrnjacka Banja SRB"]
[Date "2023.03.13"]
[Round "11.145"]
[White "Bashirli, Nail"]
[Black "Stankovic, Boris"]
[Result "1-0"]
[WhiteElo "2343"]
[BlackElo "2208"]
[EventDate "2023.03.03"]
[PlyCount "99"]

1.e4 c5 2.Nf3 Nc6 3.Nc3 e6 4.Bb5 Nd4 5.O-O a6 6.Bd3 Nc6 7.b3 g5 8.Bb2 Bg7 
9.Qc1 d6 10.Nd1 e5 11.Ne3 h6 12.Bc4 Nf6 13.Bd3 O-O 14.c3 g4 15.Ne1 d5 16.
exd5 Nxd5 17.Nxd5 Qxd5 18.Qc2 Be6 19.Rd1 b5 20.Bh7+ Kh8 21.Be4 Qd6 22.d4 
Rad8 23.d5 Ne7 24.c4 Bc8 25.Qc1 f5 26.Bc2 f4 27.Be4 Bf5 28.Qc2 b4 29.f3 h5
30.Qe2 Bxe4 31.Qxe4 Nf5 32.Nd3 Ne3 33.Rde1 Nxf1 34.Kxf1 Rde8 35.Nf2 g3 36.
hxg3 fxg3 37.Nd3 Kg8 38.Ke2 Re7 39.Kd1 Kf7 40.Qf5+ Kg8 41.Qxh5 Qc7 42.Rh1 
Rff7 43.Qh7+ Kf8 44.Qg6 Rf6 45.Qe4 a5 46.Rh7 Kg8 47.Rh5 Qd7 48.Qh7+ Kf8 
49.Bxe5 Qc8 50.Bxf6 1-0

[Event "23rd EUR-ch"]
[Site "Vrnjacka Banja SRB"]
[Date "2023.03.13"]
[Round "11.146"]
[White "Valiev, Shahin"]
[Black "Fitzsimons, David"]
[Result "1-0"]
[WhiteElo "2201"]
[BlackElo "2338"]
[EventDate "2023.03.03"]
[PlyCount "70"]

1.e4 Nf6 2.e5 Nd5 3.d4 d6 4.c4 Nb6 5.exd6 cxd6 6.Nc3 g6 7.h3 Bg7 8.Nf3 O-O
9.Be2 Nc6 10.O-O h6 11.Re1 Kh7 12.Bf1 e5 13.Be3 f5 14.dxe5 dxe5 15.Qc2 e4 
16.Rad1 Qe8 17.Bc5 Rf7 18.Nb5 Qg8 19.Nfd4 Nd7 20.Bd6 Nxd4 21.Nxd4 Nf8 22.
c5 Ne6 23.Nxe6 Bxe6 24.f3 Rc8 25.fxe4 f4 26.Bc4 Qe8 27.Bxe6 Qxe6 28.Qb3 
Re8 29.Qxe6 Rxe6 30.e5 f3 31.gxf3 Rxf3 32.Kg2 Rf5 33.b4 Rg5+ 34.Kf3 Kg8 
35.Ke4 Rg3 1-0

[Event "23rd EUR-ch"]
[Site "Vrnjacka Banja SRB"]
[Date "2023.03.13"]
[Round "11.147"]
[White "Filip, Andrei"]
[Black "Pogorelsky, Sergei"]
[Result "1-0"]
[WhiteElo "2325"]
[BlackElo "2203"]
[EventDate "2023.03.03"]
[PlyCount "67"]

1.e4 c5 2.Nf3 Nc6 3.Bb5 g6 4.Bxc6 bxc6 5.O-O Bg7 6.Re1 Qc7 7.c3 d6 8.d4 
cxd4 9.cxd4 Bg4 10.Be3 Nf6 11.Nbd2 O-O 12.h3 Bxf3 13.Qxf3 Qb7 14.b3 Nd7 
15.Rac1 Rac8 16.Qe2 Nb6 17.Rc2 f5 18.f3 d5 19.Bf2 fxe4 20.fxe4 Qd7 21.Nf3 
dxe4 22.Qxe4 Nd5 23.Qe6+ Qxe6 24.Rxe6 Rf6 25.Re1 Rd6 26.Bg3 Rd7 27.Re6 Nb4
28.Rc4 Rb7 29.a3 Nd5 30.b4 Rb6 31.Rc5 Nf6 32.Ra5 Kf7 33.Re1 a6 34.Ne5+ 1-0

[Event "23rd EUR-ch"]
[Site "Vrnjacka Banja SRB"]
[Date "2023.03.13"]
[Round "11.148"]
[White "Krstic, Milos"]
[Black "Gaal, Zsoka"]
[Result "1/2-1/2"]
[WhiteElo "2198"]
[BlackElo "2320"]
[EventDate "2023.03.03"]
[PlyCount "75"]

1.e4 e5 2.Nf3 Nc6 3.Bc4 Nf6 4.d3 Bc5 5.c3 d6 6.O-O a5 7.Re1 Ba7 8.Nbd2 O-O
9.h3 Be6 10.a4 Ne7 11.Qb3 Qc8 12.Ng5 Bxc4 13.Nxc4 Ng6 14.Be3 Bxe3 15.fxe3 
h6 16.Nf3 Kh8 17.Qc2 Qe6 18.b3 Rfe8 19.Ncd2 d5 20.c4 dxe4 21.Nxe4 Nxe4 22.
dxe4 Rad8 23.Rad1 Qb6 24.Kf2 Qc5 25.Rxd8 Rxd8 26.Rd1 Rd6 27.Rd5 Rxd5 28.
exd5 b6 29.Qf5 Qe7 30.g3 Kg8 31.h4 Qa3 32.h5 Qb2+ 33.Kg1 Qc1+ 34.Kg2 Qxe3 
35.hxg6 Qe2+ 36.Kh3 fxg6 37.Qe6+ Kh7 38.Nxe5 1/2-1/2

[Event "23rd EUR-ch"]
[Site "Vrnjacka Banja SRB"]
[Date "2023.03.13"]
[Round "11.150"]
[White "Van Dael, Siem"]
[Black "Ozdemir, Serhan Berat"]
[Result "1-0"]
[WhiteElo "2312"]
[BlackElo "2200"]
[EventDate "2023.03.03"]
[PlyCount "71"]

1.e4 c5 2.Nf3 e6 3.d4 cxd4 4.Nxd4 Nc6 5.Nc3 Qc7 6.Be3 a6 7.Qd2 Nf6 8.f3 
Bb4 9.a3 Be7 10.O-O-O Ne5 11.f4 Nc4 12.Bxc4 Qxc4 13.e5 Ng4 14.Bg1 f5 15.h3
Nh6 16.g4 O-O 17.g5 Nf7 18.h4 b5 19.Rh3 Rb8 20.h5 Nd8 21.h6 g6 22.Qd3 Qc7 
23.Nb3 b4 24.axb4 Rxb4 25.Qd2 Nb7 26.Nd5 exd5 27.Rc3 Qb8 28.Qxd5+ Rf7 29.
Ba7 Qa8 30.Nd4 Bf8 31.Rc7 Qxa7 32.Rxc8 Nc5 33.Nc6 Nb3+ 34.Kb1 Qe3 35.Nxb4 
Nc5 36.Rxf8+ 1-0

[Event "23rd EUR-ch"]
[Site "Vrnjacka Banja SRB"]
[Date "2023.03.13"]
[Round "11.151"]
[White "Lorenz, Roger"]
[Black "Palczert, Matyas"]
[Result "1/2-1/2"]
[WhiteElo "2180"]
[BlackElo "2304"]
[EventDate "2023.03.03"]
[PlyCount "98"]

1.d4 f5 2.g3 Nf6 3.Bg2 e6 4.Nf3 d5 5.O-O Be7 6.c4 Ne4 7.Qc2 c6 8.Ne5 Nd7 
9.Nd3 O-O 10.Nd2 a5 11.Nf3 Bf6 12.Bf4 g5 13.Be3 Qe7 14.Nfe5 Qg7 15.f3 Nd6 
16.c5 Nf7 17.f4 Ndxe5 18.dxe5 Be7 19.Bd4 Bd7 20.e3 h5 21.Qf2 Kh7 22.Kh1 
Nh6 23.h3 Rg8 24.Rg1 h4 25.fxg5 hxg3 26.Qxg3 Bxg5 27.Bf3 Qf7 28.Qf2 Qe7 
29.Be2 Be8 30.Qf3 Bf7 31.Rg2 Bh4 32.Rag1 Rxg2 33.Rxg2 Rg8 34.Rxg8 Nxg8 35.
a4 Qd8 36.Qf4 Bg5 37.Qg3 Bh4 38.Qg1 Ne7 39.Kh2 Ng6 40.Bh5 Kh6 41.Bd1 Bg5 
42.Qf1 Kh7 43.Qe2 Bh6 44.Qf2 Qg5 45.Qg3 f4 46.exf4 Nxf4 47.Qxg5 Bxg5 48.
Ne1 Ng6 49.Nd3 Nf4 1/2-1/2

[Event "23rd EUR-ch"]
[Site "Vrnjacka Banja SRB"]
[Date "2023.03.13"]
[Round "11.152"]
[White "Denishev, Marat"]
[Black "Levitan, Ronit"]
[Result "1/2-1/2"]
[WhiteElo "2303"]
[BlackElo "2185"]
[EventDate "2023.03.03"]
[PlyCount "56"]

1.d4 Nf6 2.c4 e6 3.Nf3 d5 4.Nc3 c5 5.cxd5 cxd4 6.Qxd4 exd5 7.e4 dxe4 8.
Qxd8+ Kxd8 9.Ng5 Be6 10.Nxe6+ fxe6 11.Bg5 h6 12.Bxf6+ gxf6 13.O-O-O+ Ke7 
14.Nxe4 Bg7 15.Bb5 f5 16.Ng3 Rc8+ 17.Kb1 Rc5 18.Ba4 Nc6 19.Rhe1 Rd8 20.
Rxd8 Nxd8 21.Bc2 Re5 22.Rd1 Rb5 23.Bb3 Nc6 24.Ne2 Na5 25.Nd4 Bxd4 26.Rxd4 
Nxb3 27.axb3 Re5 28.Rd2 Re1+ 1/2-1/2

[Event "23rd EUR-ch"]
[Site "Vrnjacka Banja SRB"]
[Date "2023.03.13"]
[Round "11.153"]
[White "Zlatkov, Anton"]
[Black "Shohat, Yotam"]
[Result "0-1"]
[WhiteElo "2174"]
[BlackElo "2302"]
[EventDate "2023.03.03"]
[PlyCount "78"]

1.e4 c5 2.Nf3 d6 3.d4 cxd4 4.Nxd4 Nf6 5.Nc3 g6 6.Be3 Nc6 7.f3 h5 8.Bc4 Bd7
9.Nxc6 Bxc6 10.Qd2 Bg7 11.O-O-O O-O 12.Bh6 Qa5 13.Bxg7 Kxg7 14.Bb3 Qc5 15.
Rhe1 Rfd8 16.Qd4 Qxd4 17.Rxd4 e5 18.Rd2 Kf8 19.g3 h4 20.f4 hxg3 21.hxg3 
exf4 22.gxf4 Rd7 23.f5 g5 24.Rh2 Kg7 25.Rg2 g4 26.Nd1 Rg8 27.Nf2 Kf8 28.
Rg3 Re7 29.Reg1 Bxe4 30.Nxg4 Nxg4 31.Rxg4 Rxg4 32.Rxg4 Bxf5 33.Rd4 Rd7 34.
Rf4 Bg6 35.Bd5 Re7 36.Rf6 Re2 37.Kd1 Bh5 38.Kc1 Re1+ 39.Kd2 Rd1+ 0-1

[Event "23rd EUR-ch"]
[Site "Vrnjacka Banja SRB"]
[Date "2023.03.13"]
[Round "11.154"]
[White "Ivanovic, Marko"]
[Black "Manukian, Sargis A."]
[Result "1-0"]
[WhiteElo "2302"]
[BlackElo "2163"]
[EventDate "2023.03.03"]
[PlyCount "111"]

1.e4 c5 2.Nf3 d6 3.d4 cxd4 4.Nxd4 Nf6 5.Nc3 g6 6.Be3 Bg7 7.f3 O-O 8.Qd2 
Nc6 9.Bc4 Nxd4 10.Bxd4 Be6 11.Nd5 Bxd5 12.exd5 Qc7 13.Bb3 b5 14.O-O-O a5 
15.a3 Rfc8 16.Kb1 a4 17.Ba2 b4 18.axb4 a3 19.Bb3 axb2 20.Kxb2 Rab8 21.Ra1 
Rb5 22.c4 Rb7 23.Rhe1 Qd7 24.Ba4 Qd8 25.Bc6 Rbb8 26.Ra7 e6 27.Kb3 Rc7 28.
Rea1 Rcc8 29.g4 h6 30.h4 exd5 31.cxd5 h5 32.g5 Nh7 33.Rd7 Qe8 34.Bxg7 Kxg7
35.Raa7 Rd8 36.Qd4+ Kg8 37.Rxf7 Qxf7 38.Rxf7 Kxf7 39.b5 Kg8 40.f4 Rf8 41.
Bd7 Rf7 42.Be6 Rxb5+ 43.Kc4 Rc5+ 44.Kd3 Rc7 45.Qb6 Rd7 46.f5 Nf8 47.Qb8 
Kg7 48.f6+ Kg8 49.Kd4 Ra7 50.Bxf7+ Rxf7 51.Qxd6 Rd7 52.Qb8 Rf7 53.d6 Kh7 
54.Kd5 Kg8 55.Qe8 Ra7 56.Qe7 1-0

[Event "23rd EUR-ch"]
[Site "Vrnjacka Banja SRB"]
[Date "2023.03.13"]
[Round "11.155"]
[White "Vagman, Roy"]
[Black "Noy, Eyal"]
[Result "1-0"]
[WhiteElo "2298"]
[BlackElo "2161"]
[EventDate "2023.03.03"]
[PlyCount "55"]

1.e4 c5 2.Nf3 d6 3.Bb5+ Nd7 4.Ba4 Nf6 5.O-O Nxe4 6.Re1 Nf6 7.d4 cxd4 8.
Nxd4 e5 9.Nb5 Qb6 10.Be3 Qc6 11.c4 a6 12.Nd4 Qc7 13.Bg5 Qd8 14.Nc3 h6 15.
Bxf6 Qxf6 16.Nd5 Qd8 17.Ne6 Qh4 18.Nec7+ Kd8 19.Nxa8 b5 20.cxb5 Bb7 21.
bxa6 Bxd5 22.Qxd5 Qxa4 23.Qb7 Be7 24.a7 Bh4 25.Re4 Bxf2+ 26.Kxf2 Qc2+ 27.
Kg1 Nf6 28.Nb6 1-0

[Event "23rd EUR-ch"]
[Site "Vrnjacka Banja SRB"]
[Date "2023.03.13"]
[Round "11.156"]
[White "Todorovic, Goran N."]
[Black "Manko, Mariia"]
[Result "1/2-1/2"]
[WhiteElo "2296"]
[BlackElo "2159"]
[EventDate "2023.03.03"]
[PlyCount "126"]

1.Nf3 c5 2.b3 Nf6 3.Bb2 g6 4.c4 Nc6 5.g3 Bg7 6.Bg2 O-O 7.O-O Rb8 8.Nc3 d5 
9.Nxd5 Nxd5 10.Bxg7 Kxg7 11.cxd5 Qxd5 12.Qc2 Qd6 13.Qb2+ e5 14.d3 b6 15.a3
a5 16.Nd2 Bb7 17.Nc4 Qd4 18.Rfb1 Qxb2 19.Rxb2 Nd4 20.e3 Nb5 21.Nxe5 Rfd8 
22.Rd2 Bxg2 23.Kxg2 Rd5 24.Nc4 a4 25.bxa4 Nc3 26.Nb2 Ra8 27.Rc1 Nxa4 28.
Nxa4 Rxa4 29.Rc3 b5 30.Rb2 c4 31.dxc4 Rxc4 32.Rcb3 Ra4 33.Kf3 Rd7 34.Rc2 
Rda7 35.Rcc3 Rb7 36.Rb4 Rba7 37.Rxa4 Rxa4 38.Rb3 Kf6 39.Ke2 Ke6 40.Kd2 Kd6
41.Kc2 h5 42.Rd3+ Kc5 43.Kb3 Ra7 44.Rd4 Re7 45.h4 Ra7 46.g4 hxg4 47.Rxg4 
Re7 48.Rg5+ Kc6 49.h5 gxh5 50.Rxh5 Re6 51.Rf5 Re7 52.Rf4 Kc5 53.Rf6 Ra7 
54.Rf5+ Kb6 55.Rd5 Kc6 56.e4 Re7 57.f3 Ra7 58.Kb2 Kb6 59.Rd3 Kc5 60.Kb3 
Kc6 61.Rd5 Kb6 62.Rh5 Rd7 63.Rf5 Kc6 1/2-1/2

[Event "23rd EUR-ch"]
[Site "Vrnjacka Banja SRB"]
[Date "2023.03.13"]
[Round "11.157"]
[White "Krasteva, Beloslava"]
[Black "Gramb, Marius"]
[Result "0-1"]
[WhiteElo "2292"]
[BlackElo "2159"]
[EventDate "2023.03.03"]
[PlyCount "74"]

1.d4 Nf6 2.c4 e6 3.Nc3 Bb4 4.f3 c5 5.d5 b5 6.e4 d6 7.Ne2 O-O 8.Nf4 e5 9.
Ne2 bxc4 10.Ng3 Nbd7 11.Bxc4 Nb6 12.Be2 Qc7 13.O-O Bxc3 14.bxc3 c4 15.Bg5 
Ne8 16.Be3 Nf6 17.a4 a5 18.f4 Nfd7 19.fxe5 Nxe5 20.Qd4 Nbd7 21.Nf5 Nf6 22.
Bg5 Bxf5 23.exf5 Rfc8 24.Bxf6 gxf6 25.Qh4 Qc5+ 26.Kh1 Kg7 27.Rf3 Nxf3 28.
gxf3 Rg8 29.Bxc4 Qe3 30.Rf1 Rae8 31.h3 Qxc3 32.Bb5 Rc8 33.Bc6 Kh8 34.Qf2 
Qe5 35.Qc2 Rb8 36.f4 Qe3 37.Qh2 Qe4+ 0-1

[Event "23rd EUR-ch"]
[Site "Vrnjacka Banja SRB"]
[Date "2023.03.13"]
[Round "11.158"]
[White "Remolar Gallen, Jose"]
[Black "Srdanovic, Jovana"]
[Result "1-0"]
[WhiteElo "2290"]
[BlackElo "2146"]
[EventDate "2023.03.03"]
[PlyCount "51"]

1.e4 c5 2.Nf3 e6 3.d4 cxd4 4.Nxd4 a6 5.Bd3 Bc5 6.Nb3 Be7 7.Nc3 Nc6 8.O-O 
Nf6 9.f4 d6 10.Qf3 Qc7 11.Bd2 O-O 12.a3 Bd7 13.Rae1 Rac8 14.Kh1 b5 15.Nd1 
e5 16.Bc3 exf4 17.Qxf4 Ne5 18.Ne3 Be6 19.Nd4 Nh5 20.Qf2 Bg5 21.Ndf5 Qd8 
22.Rd1 Nf4 23.Be2 Bxf5 24.Bxe5 Nxe2 25.Nxf5 Rxc2 26.Bxd6 1-0

[Event "23rd EUR-ch"]
[Site "Vrnjacka Banja SRB"]
[Date "2023.03.13"]
[Round "11.159"]
[White "Irizanin, Radoje"]
[Black "Sitbon, Itay"]
[Result "0-1"]
[WhiteElo "2288"]
[BlackElo "2144"]
[EventDate "2023.03.03"]
[PlyCount "82"]

1.b3 Nf6 2.Bb2 g6 3.Bxf6 exf6 4.c4 d5 5.cxd5 Qxd5 6.Nc3 Qa5 7.g3 Ba3 8.Bg2
Nc6 9.Nd5 Be6 10.Nxf6+ Ke7 11.Ne4 Rhd8 12.Nf3 Bd5 13.Nc3 Bxf3 14.exf3 Bb2 
15.O-O Bxa1 16.Qxa1 Kf8 17.f4 Qc5 18.Ne4 Qd4 19.Qc1 Re8 20.Ng5 f6 21.Nf3 
Qd6 22.h4 Re7 23.f5 Kg7 24.fxg6 hxg6 25.h5 gxh5 26.Nh4 Nd4 27.Qc4 c5 28.b4
Rc8 29.Kh2 f5 30.Bh3 Kf6 31.Qd3 Qe5 32.bxc5 Rxc5 33.Bg2 Rd7 34.Rb1 b6 35.
Rb4 Qe2 36.Qe3 Qxe3 37.fxe3 Ne6 38.Rb2 Rdc7 39.Bh3 Rc2 40.Rb5 R7c5 41.Rxc5
Nxc5 0-1

[Event "23rd EUR-ch"]
[Site "Vrnjacka Banja SRB"]
[Date "2023.03.13"]
[Round "11.160"]
[White "Efremov, Vladislav"]
[Black "Kisic, Bozidar"]
[Result "1-0"]
[WhiteElo "2120"]
[BlackElo "2283"]
[EventDate "2023.03.03"]
[PlyCount "80"]

1.d4 d5 2.Nf3 e6 3.c4 dxc4 4.e3 b5 5.a4 b4 6.Bxc4 Nf6 7.b3 Be7 8.Bb2 O-O 
9.O-O Bb7 10.Nbd2 Nbd7 11.Be2 c5 12.Nc4 Rc8 13.Rc1 Bd5 14.Nfe5 Nb6 15.Nxb6
Qxb6 16.Bf3 Rfd8 17.Bxd5 Rxd5 18.Qf3 Qb8 19.Rfd1 Qa8 20.Nc4 cxd4 21.Bxd4 
Rcd8 22.Bxf6 Bxf6 23.Rxd5 exd5 24.Nd2 Qb8 25.Qf5 Bc3 26.Nf3 Qb6 27.Rd1 Qe6
28.Qd3 h6 29.h3 Qf6 30.Nd4 a6 31.Ne2 Be5 32.Nd4 Rc8 33.Nf3 Bc7 34.Qd4 Qg6 
35.Qxb4 Qc2 36.Rd4 Qb1+ 37.Qe1 Qxb3 38.Qd1 Qa3 39.Rd3 Qc5 40.g3 Qc6 1-0

[Event "23rd EUR-ch"]
[Site "Vrnjacka Banja SRB"]
[Date "2023.03.13"]
[Round "11.161"]
[White "Leszko, Bence"]
[Black "Shvedova, Alexandra"]
[Result "1-0"]
[WhiteElo "2283"]
[BlackElo "2083"]
[EventDate "2023.03.03"]
[PlyCount "127"]

1.Nf3 Nf6 2.c4 e6 3.Nc3 d5 4.e3 b6 5.b3 Bb7 6.Bb2 Nbd7 7.Be2 a6 8.Qc2 Bd6 
9.d4 Qe7 10.O-O O-O 11.Rfd1 dxc4 12.bxc4 c5 13.d5 exd5 14.Nxd5 Nxd5 15.
cxd5 Ne5 16.Rab1 Nxf3+ 17.Bxf3 b5 18.a4 Rfc8 19.Be4 Qh4 20.g3 Qh5 21.Qc3 
f6 22.Qc2 Re8 23.Bf5 Bc8 24.Bxc8 Rexc8 25.Kg2 Qg4 26.h3 Qd7 27.Qe2 b4 28.
Rbc1 Re8 29.Rc4 Qxa4 30.Qg4 Kf8 31.Rd2 Qb5 32.Qh4 Ra7 33.Rg4 Rf7 34.Qxh7 
c4 35.Rdd4 c3 36.Rde4 Re5 37.Qh8+ Ke7 38.Rxe5+ Bxe5 39.Bc1 Qxd5+ 40.Kh2 
Qf3 41.Kg1 Qd1+ 42.Kg2 a5 43.Qa8 Qd8 44.Qa6 Kf8 45.Rc4 Bc7 46.e4 Qd7 47.
Qa8+ Qe8 48.Qa6 Rd7 49.Be3 Kf7 50.Qb5 Qe6 51.Qh5+ Kg8 52.Qb5 g6 53.h4 Kg7 
54.Kh2 Qg4 55.e5 Qf5 56.Rf4 Qd3 57.exf6+ Kf7 58.Rc4 Be5 59.h5 Bxf6 60.
hxg6+ Kg7 61.Qh5 Qxc4 62.Qh7+ Kf8 63.Qxd7 Be7 64.Bh6+ 1-0

[Event "23rd EUR-ch"]
[Site "Vrnjacka Banja SRB"]
[Date "2023.03.13"]
[Round "11.162"]
[White "Poupalos, Nikolaos"]
[Black "Micic, Aleksa"]
[Result "1-0"]
[WhiteElo "1906"]
[BlackElo "2273"]
[EventDate "2023.03.03"]
[PlyCount "91"]

1.e4 c5 2.Nf3 d6 3.d4 cxd4 4.Nxd4 Nf6 5.Nc3 a6 6.h3 e5 7.Nde2 h5 8.Bg5 Be6
9.Bxf6 Qxf6 10.Nd5 Qd8 11.Qd3 Nd7 12.O-O-O g6 13.Kb1 Nc5 14.Qa3 b5 15.Nec3
Bg7 16.h4 O-O 17.f3 f5 18.Be2 f4 19.b4 Nd7 20.Qb2 Nb6 21.Nxb6 Qxb6 22.Nd5 
Bxd5 23.Rxd5 Rfd8 24.c3 Rac8 25.Qd2 Bf6 26.Kb2 Rc6 27.Bd1 Kg7 28.Bb3 Rdc8 
29.Rd3 a5 30.Bd5 R6c7 31.Be6 Rd8 32.a3 Ra7 33.Rd1 Be7 34.Qe1 axb4 35.cxb4 
Rf8 36.g4 fxg3 37.Qxg3 Rf6 38.Bd5 Qb8 39.Rc3 Bd8 40.Rdc1 Rc7 41.Qh3 Rxc3 
42.Qd7+ Kh6 43.Rxc3 Qb6 44.Bg8 Qf2+ 45.Rc2 Qxh4 46.Rg2 1-0

[Event "23rd EUR-ch"]
[Site "Vrnjacka Banja SRB"]
[Date "2023.03.13"]
[Round "11.163"]
[White "Kojovic, Dragan"]
[Black "Stanojevic, Ilija"]
[Result "1-0"]
[WhiteElo "2272"]
[BlackElo "2096"]
[EventDate "2023.03.03"]
[PlyCount "105"]

1.e4 d6 2.Nc3 e5 3.h3 Nf6 4.d4 Nbd7 5.Be3 c6 6.a3 Be7 7.Nf3 h6 8.dxe5 dxe5
9.Bc4 Qc7 10.Nh4 g6 11.O-O b5 12.Ba2 Nc5 13.f4 Ncxe4 14.fxe5 Qxe5 15.Nxe4 
Qxe4 16.Qd4 Bf5 17.Nxf5 gxf5 18.Qxe4 Nxe4 19.Rxf5 f6 20.Re1 Nd6 21.Rh5 Kd7
22.Bc5 Rh7 23.Be6+ Kc7 24.Be3 a5 25.Rd1 Rd8 26.Rxh6 Rxh6 27.Bxh6 c5 28.Bf4
Kc6 29.Bd5+ Kb6 30.Re1 Rd7 31.Re6 c4 32.Be3+ Kc7 33.Bf3 b4 34.axb4 axb4 
35.g4 Bf8 36.Bf4 b3 37.cxb3 cxb3 38.Re3 Kd8 39.Rxb3 Nc4 40.Rb8+ Ke7 41.b3 
Ne5 42.Be2 Kf7 43.Be3 Nc6 44.Bc4+ Kg7 45.Rb6 Rd1+ 46.Kg2 Ne5 47.Rb7+ Kh8 
48.Be2 Re1 49.Kf2 Rb1 50.Rb8 Kg7 51.Bd4 Bd6 52.Rb7+ Kh6 53.Rb6 1-0

[Event "23rd EUR-ch"]
[Site "Vrnjacka Banja SRB"]
[Date "2023.03.13"]
[Round "11.164"]
[White "Paszewski, Mateusz"]
[Black "Pogorelsky, Sofia"]
[Result "1-0"]
[WhiteElo "2270"]
[BlackElo "2102"]
[EventDate "2023.03.03"]
[PlyCount "61"]

1.e4 c5 2.Nf3 Nc6 3.Bb5 g6 4.O-O Bg7 5.c3 e5 6.d4 cxd4 7.cxd4 exd4 8.Bf4 
a6 9.Ba4 Nge7 10.Bd6 b5 11.Bb3 Bb7 12.Re1 Nc8 13.e5 Nxd6 14.exd6+ Kf8 15.
Nbd2 f5 16.Bd5 Qb8 17.Ng5 Bf6 18.Ne6+ dxe6 19.Rxe6 Kg7 20.Rc1 Qa7 21.Nf3 
d3 22.Bxc6 Bxc6 23.Rxc6 Rac8 24.Qc1 Rxc6 25.Qxc6 Rd8 26.Re3 Qd7 27.Qd5 Qf7
28.Qxd3 Bxb2 29.Ng5 Qf6 30.d7 Rxd7 31.Qxd7+ 1-0

[Event "23rd EUR-ch"]
[Site "Vrnjacka Banja SRB"]
[Date "2023.03.13"]
[Round "11.165"]
[White "Zverev, Lev"]
[Black "Vujcic, Milena"]
[Result "1-0"]
[WhiteElo "2267"]
[BlackElo "2072"]
[EventDate "2023.03.03"]
[PlyCount "59"]

1.e4 e5 2.Nf3 Nc6 3.Bb5 a6 4.Ba4 Nf6 5.O-O Nxe4 6.d4 b5 7.Bb3 d5 8.dxe5 
Be6 9.Be3 Bc5 10.Qe2 Qe7 11.Rd1 Rd8 12.c3 O-O 13.h3 f5 14.Nbd2 Bxe3 15.
Qxe3 f4 16.Qe2 Nc5 17.Bc2 g5 18.Nd4 Nxd4 19.cxd4 Nd7 20.a4 c5 21.axb5 axb5
22.Qh5 Qg7 23.Nf3 h6 24.Ra6 Rde8 25.Nh2 cxd4 26.Ng4 Bxg4 27.hxg4 Nxe5 28.
Rxh6 d3 29.Bxd3 f3 30.Bh7+ 1-0